The convolution theorems of Dieudonné

Elmentve itt :
Bibliográfiai részletek
Szerzők: Burnham J. T.
Goldberg Robert R.
Dokumentumtípus: Cikk
Megjelent: 1974
Sorozat:Acta scientiarum mathematicarum 36 No. 1-2
Kulcsszavak:Matematika
Online Access:http://acta.bibl.u-szeged.hu/14453
LEADER 00644nab a2200193 i 4500
001 acta14453
005 20210409140621.0
008 161015s1974 hu o 0|| eng d
022 |a 0001-6969 
040 |a SZTE Egyetemi Kiadványok Repozitórium  |b hun 
041 |a eng 
100 1 |a Burnham J. T. 
245 1 4 |a The convolution theorems of Dieudonné  |h [elektronikus dokumentum] /  |c  Burnham J. T. 
260 |c 1974 
300 |a 1-3 
490 0 |a Acta scientiarum mathematicarum  |v 36 No. 1-2 
695 |a Matematika 
700 0 1 |a Goldberg Robert R.  |e aut 
856 4 0 |u http://acta.bibl.u-szeged.hu/14453/1/math_036_fasc_001_002_001-003.pdf  |z Dokumentum-elérés